Mau Mau : (Record no. 35)

MARC details
000 -LEADER
fixed length control field 01155cam a2200325 a 4500
001 - CONTROL NUMBER
control field 15438325
003 - CONTROL NUMBER IDENTIFIER
control field OSt
005 - DATE AND TIME OF LATEST TRANSACTION
control field 20230602094548.0
008 - FIXED-LENGTH DATA ELEMENTS--GENERAL INFORMATION
fixed length control field 080904s2000 ke a b 000 0 eng
010 ## - LIBRARY OF CONGRESS CONTROL NUMBER
LC control number 2008345059
020 ## - INTERNATIONAL STANDARD BOOK NUMBER
Canceled/invalid ISBN 187987120
040 ## - CATALOGING SOURCE
Original cataloging agency DLC
Transcribing agency DLC
Modifying agency DLC
042 ## - AUTHENTICATION CODE
Authentication code lcode
043 ## - GEOGRAPHIC AREA CODE
Geographic area code f-ke---
082 ## - DEWEY DECIMAL CLASSIFICATION NUMBER
Classification number 323.044
Item number KIN
100 0# - MAIN ENTRY--PERSONAL NAME
Personal name Maina wa Kinyatti.
Dates associated with a name 1992
245 10 - TITLE STATEMENT
Title Mau Mau :
Remainder of title a revolution betrayed /
Statement of responsibility, etc. Maina wa Kĩnyattĩ.
250 ## - EDITION STATEMENT
Edition statement 2nd ed.
260 ## - PUBLICATION, DISTRIBUTION, ETC. (IMPRINT)
Place of publication, distribution, etc. Nairobi ;
-- Jamaica, N.Y :
Name of publisher, distributor, etc. Mau Mau Research Center ;
Place of publication, distribution, etc. London :
Name of publisher, distributor, etc. Vita Books,
Date of publication, distribution, etc. 2000.
300 ## - PHYSICAL DESCRIPTION
Extent xv, 128 p. :
Other physical details ill. ;
Dimensions 21 cm.
504 ## - BIBLIOGRAPHY, ETC. NOTE
Bibliography, etc Includes bibliographical references.
610 20 - SUBJECT ADDED ENTRY--CORPORATE NAME
Corporate name or jurisdiction name as entry element Mau Mau
General subdivision History.
651 #0 - SUBJECT ADDED ENTRY--GEOGRAPHIC NAME
Geographic name Kenya
General subdivision Politics and government
Chronological subdivision 1963-1978.
651 #0 - SUBJECT ADDED ENTRY--GEOGRAPHIC NAME
Geographic name Kenya
General subdivision Politics and government
Chronological subdivision 1978-2002.
651 #0 - SUBJECT ADDED ENTRY--GEOGRAPHIC NAME
Geographic name Kenya
General subdivision History
Chronological subdivision Mau Mau Emergency, 1952-1960.
651 #0 - SUBJECT ADDED ENTRY--GEOGRAPHIC NAME
Geographic name Kenya
General subdivision Politics and government
Chronological subdivision To 1963.
906 ## - LOCAL DATA ELEMENT F, LDF (RLIN)
a 7
b cbc
c origcop
d 3
e ncip
f 20
g y-gencatlg
942 ## - ADDED ENTRY ELEMENTS (KOHA)
Source of classification or shelving scheme Dewey Decimal Classification
Koha item type Books
Holdings
Withdrawn status Lost status Source of classification or shelving scheme Damaged status Not for loan Home library Current library Date acquired Total Checkouts Full call number Barcode Date last seen Price effective from Koha item type
    Dewey Decimal Classification     Bunge Tower Library Bunge Tower Library 06/02/2023   323.044 KIN 10014575 06/02/2023 06/02/2023 Books
LIBRARY OPENING HOURS

When the Parliament is sitting: 8.00a.m - 7.00p.m or until the house adjourns
Mondays and Fridays and when the House is on Recess:  8.00a.m - 5.00p.m
Closed on Weekends and Public Holidays

Online Public Access Catalog (OPAC)
Website: http://www.parliament.go.ke
Bunge Library: https://libraryir.parliament.go.ke
Contact: library@parliament.go.ke | Tel no: (254-2)2221291 or 2848000 Ext 5043